| 000 | 00738nam a2200265Ia 4500 | ||
|---|---|---|---|
| 003 | OSt | ||
| 005 | 20220928125747.0 | ||
| 006 | a|||||r|||| 00| 0 | ||
| 007 | ta | ||
| 008 | 220927b |||||||| |||| 00| 0 eng d | ||
| 020 | _c2892 | ||
| 024 | _a103739 | ||
| 037 |
_b832, 15/12/2009, Ashutosh Technical Books _cTextual |
||
| 040 |
_aSDCL _cSDCL _beng |
||
| 041 |
_2eng _aeng |
||
| 082 | _aX7, Q0 | ||
| 100 |
_aJha Raghbendra _9373648 |
||
| 245 | 0 | _aModern public economics. | |
| 250 | _a2 | ||
| 260 |
_aLondon _bRoutledge _c2010 |
||
| 300 |
_axviii,623p _ccm. |
||
| 650 | _aBuisness Economics | ||
| 942 |
_hX7, Q0 _cTEXL _2CC |
||
| 999 |
_c784053 _d784053 |
||